MARC details
| 000 -LEADER |
| fixed length control field |
01839nam a22003617a 4500 |
| 001 - CONTROL NUMBER |
| control field |
106035 |
| 003 - CONTROL NUMBER IDENTIFIER |
| control field |
KnowledgeUnlatched |
| 005 - DATE AND TIME OF LATEST TRANSACTION |
| control field |
20210303104929.0 |
| 006 - FIXED-LENGTH DATA ELEMENTS--ADDITIONAL MATERIAL CHARACTERISTICS |
| fixed length control field |
m o d |
| 007 - PHYSICAL DESCRIPTION FIXED FIELD--GENERAL INFORMATION |
| fixed length control field |
cr u|||||||||| |
| 008 - FIXED-LENGTH DATA ELEMENTS--GENERAL INFORMATION |
| fixed length control field |
210129p20202020xx o u00| u fre d |
| 037 ## - SOURCE OF ACQUISITION |
| Institution to which field applies |
BiblioBoard |
| 020 ## - INTERNATIONAL STANDARD BOOK NUMBER |
| International Standard Book Number |
9783110641226 |
| 024 8# - OTHER STANDARD IDENTIFIER |
| Standard number or code |
http://dx.doi.org/10.1515/9783110641226 |
| 029 1# - OTHER SYSTEM CONTROL NUMBER (OCLC) |
| OCLC library identifier |
https://library.biblioboard.com/ext/api/media/8eed9a0a-9872-453f-a186-abed4cc78c67/assets/thumbnail.jpg |
| 040 ## - CATALOGING SOURCE |
| Original cataloging agency |
ScCtBLL |
| Transcribing agency |
ScCtBLL |
| 100 1# - MAIN ENTRY--PERSONAL NAME |
| Personal name |
Authier-Revuz, Jacqueline |
| Relator term |
author. |
| 245 03 - TITLE STATEMENT |
| Title |
La Représentation du Discours Autre |
| Remainder of title |
Principes pour une description / |
| Statement of responsibility, etc. |
Jacqueline Authier-Revuz. |
| 264 #1 - PRODUCTION, PUBLICATION, DISTRIBUTION, MANUFACTURE, AND COPYRIGHT NOTICE |
| Name of producer, publisher, distributor, manufacturer |
De Gruyter, |
| 300 ## - PHYSICAL DESCRIPTION |
| Extent |
1 online resource (1 p.) |
| 506 0# - RESTRICTIONS ON ACCESS NOTE |
| Terms governing access |
Access copy available to the general public. |
| Standardized terminology for access restriction |
Unrestricted |
| Source of term |
star |
| 520 ## - SUMMARY, ETC. |
| Summary, etc. |
This book offers a general model of reported speech that relies on clear, well-argued theoretical choices in order to describe accurately the diversity of observed situations. The metalanguage/alterity articulation is critically discussed at various levels (language, discourse, subject) where a central function of differential auto-configuration takes place. |
| 588 0# - SOURCE OF DESCRIPTION NOTE |
| Source of description note |
Description based on print version record. |
| 590 ## - LOCAL NOTE (RLIN) |
| Local note |
KU Romance Studies |
| 650 #7 - SUBJECT ADDED ENTRY--TOPICAL TERM |
| Topical term or geographic name entry element |
Language Arts & Disciplines / Linguistics |
| Source of heading or term |
bisacsh |
| 650 #0 - SUBJECT ADDED ENTRY--TOPICAL TERM |
| Topical term or geographic name entry element |
Language arts |
| 655 #0 - INDEX TERM--GENRE/FORM |
| Genre/form data or focus term |
Electronic books. |
| 758 ## - |
| -- |
Is found in: |
| -- |
Knowledge Unlatched |
| -- |
https://openresearchlibrary.org/module/2774bc74-146a-484f-a7ba-ab1d6a09bbfb |
| 856 40 - ELECTRONIC LOCATION AND ACCESS |
| Uniform Resource Identifier |
<a href="https://openresearchlibrary.org/content/8eed9a0a-9872-453f-a186-abed4cc78c67">https://openresearchlibrary.org/content/8eed9a0a-9872-453f-a186-abed4cc78c67</a> |
| Public note |
View this content on Open Research Library. |
| -- |
0 |